MDQL
is popping MORE tags! Check the
thread
!
Quizzes
Events
Quiz Creation
Community
Videos
Private Events
Remove Ads
Sign In
Join for FREE
Feedback
Dark Mode
Quiz Categories
Sports
Geography
Music
Movies
Television
Just For Fun
Miscellaneous
History
Literature
Language
Science
Gaming
Entertainment
Religion
Holiday
For Kids
Quiz Lab
Recent
Popular Today
Quiz Kudos Today
Editor Picks
Curator Picks
Quizzes by...
Day
Popularity
Type
Ratings
Length
Year
Community
Subscriptions
Recent Discussions
Orange Saloon
Badges
Playlists
Quests
Create
Leaderboards
Showdown
Live 5
Trivia Bingo
Activity
Puzzle Library
Sporcle Events
Private Events
Virtual Trivia
Globe League
Become a Host
Pub Owners
SporcleCon
Opinionation
Our Games
Videos
Blog
Mobile Apps
Partnerships
Remove Ads and Go Orange
Feedback
Gaming
Video Games
Board Games
Card Games
Pokémon
Mario
Nintendo
Minecraft
Console
Toys
Legend of Zelda
Gaming
Video Games
Board Games
Card Games
Pokémon
Mario
Nintendo
Minecraft
Console
Toys
Legend of Zelda
Random Quiz
Search Sporcle
×
Quiz Lab
Quiz Lab
Gaming
Board Games
Type in answers that appear in a list
Type in answers that appear in a list
Classic
Best Score? Go Orange.
Shortened Names (Video Game Characters) Stats
Can you name the video game characters given the first and last 3 letters of their names?
By
SuperSocket
10m
20 Questions
153 Plays
153 Plays
153 Plays
Comments
Comments
Give Quiz Kudos
Give Quiz Kudos
-
- Ratings
hide this ad
Random Order
Randomize order of answers
Randomize order of answers
Replay
Link that replays current quiz
Next Quiz
Link to next quiz in quiz playlist
You Got
0%
They Got
Avg Score
38%
Avg Friend Score
Upgrade to see
Score Distribution
Jump to the score distribution portion of the page
Score
0/20
Timer
10:00
0
Plays Today
Shortnened Name
Character
% Correct
Lar Oft
Lara Croft
81.7%
Ash Hum
Ash Ketchum
64.1%
Jam Ond
James Bond
58.8%
Clo Ife
Cloud Strife
58.8%
Mas Ief
Master Chief
58.8%
Sam Ran
Samus Aran
54.2%
Don Ong
Donkey Kong
51.6%
Nik Lic
Niko Bellic
49%
Gor Man
Gordon Freeman
44.4%
Leo Edy
Leon Kennedy
43.1%
Shortnened Name
Character
% Correct
Nat Ake
Nathan Drake
37.9%
Sam Her
Sam Fisher
33.3%
Zid Bal
Zidane Tribal
32%
Isa Rke
Isaac Clarke
26.1%
Edd Ggs
Eddie Riggs
22.9%
Ezi Nze
Ezio Auditore da Firenze
21.6%
Soa Ish
Soap McTavish
14.4%
Sar Gan
Sarah Kerrigan
13.1%
Das Dar
Dash Rendar
7.2%
Ale Son
Alec Mason
0.7%
Quiz Playlist
Details
Report
Send in Message
Add To Playlist
Classic:
Type in answers that appear in a list
Random Order:
Randomize order of answers
Last Updated: Feb 16, 2017
Quiz Scoreboard
CHALLENGE
Sign Up to Join the Scoreboard
Show All
Scores
Hide
Comments
May contain spoilers
Recently Published
Image Sorting: Flags VI
by Barbecue
Geography
2m
Find the 'City' Movie
by crazypaving
Movies
60s
Colored Red Africa Blitz
by spor1
Geography
45s
More to Explore
Quiz From the Vault
Featured Blog Post
14 Easter Pick-up Lines to Find Eggs With
hide this ad
You Might Also Like...
Tags
Board Games Quiz
Letter Quiz
Character
last
Shortened
Video
Today's Top Quizzes in Gaming
Browse Gaming
hide this ad
Today's Top Quizzes in Board Games
Browse Board Games
Top Contributed Quizzes in Gaming
1
League of Legends Pro Players by Career/Team History
2
Destiny 2 exotic weapons by perk icons
3
Genshin murder mystery
4
Dead By Daylight Logic Puzzle
5
Genshin Impact Logic Puzzle
6
Overwatch Logic Puzzle
7
4x4 Decades: Video Games
8
Who's on the WWE 2K24 Cover?
9
Overwatch 2: Ultimate Ability Icons
10
Valorant Agent Developer Names (Up to Clove)
Explore More
Trending Topics
NBA
Disney
Marvel
Harry Potter
Crossword
Kpop
Anime
Song
Soccer
Puzzle
The Office
Pokémon
WWE
NFL
Country
hide this ad
More By:
SuperSocket
Quiz
Plays
Rating
Category
Featured
Created
Final Fantasy X Grab Bag
9,358
4.63
Gaming
Oct 26, 2009
Things of Time (Zelda)
4,422
3.43
Gaming
Feb 9, 2010
Final Fantasy X Quiz (Spoilers)
4,055
3.16
Gaming
Mar 31, 2010
Majora's Mask Grab Bag
1,977
2.67
Gaming
Feb 13, 2010
Final Bosses by Game
1,228
2.92
Gaming
Jan 18, 2010
Go to Creator's Profile
Score Distribution
Quiz Creator Spotlight
SuperSocket
Follow
Send a Message
Quizzes Created
-
Created Quiz Play Count
-
More By This Creator
Popular Quizzes Today
1
Colored Red Africa Blitz
2
Find the US States - No Outlines Minefield
3
Find the 'City' Movie
4
5x2 Blitz: Bands
5
The Countries of the World
6
Find the US States
7
Find the Countries of Europe - No Outlines Minefield
8
US States
More Gaming Quizzes
Dragon Ball Z: Budokai Tenkaichi 3 Characters
Quiz Lab
Trending Quizzes
Colored Red Europe Blitz I
Colored Red Europe Blitz II
Colored Red Africa Blitz II
Colored Red Europe Blitz III
Colored Red Africa Blitz III
Recently Updated
How Do You Spell That?
pecheneg
Godzilla Movies
pecheneg
Grab Bag: 4-10 Letters
pecheneg
2024 March Madness Bracket
pecheneg
Famous TV Couples
Peacemaker
Champions League XIs: Real Madrid
pecheneg
Largest US Cities 1790-2010
pecheneg
Rides in Walt Disney World
pecheneg
Most Oscar Losses (Acting)
pecheneg
Beyoncé Albums
pecheneg
Trending Topics
Kpop
Anime
Disney
Marvel
NBA
Crossword
Harry Potter
NFL
Puzzle
Country
Soccer
WWE
Pokémon
Song
The Office
Your Account Isn't Verified!
In order to create a playlist on Sporcle, you need to verify the email address you used during registration. Go to your
Sporcle Settings
to finish the process.
Report this User
Report this user for behavior that violates our
Community Guidelines
.
Details:
Send Report
Go to the Sporcle.com Mobile Site →
Comments